000 00612nam a2200217 u 4500
005 20240831063818.0
008 190813s2010 es r 000 0 spa d
020 _a9788466793018
035 _aUPN01000231996
049 _aI
050 4 _aPZ73
_bB6.6
100 1 _aBorrás Sanjurjo, Alicia
_943175
245 1 0 _aNata y chocolate /
_cAlicia Borrás Sanjurjo ; il. Anuska Allepuz.
260 _aMadrid :
_bAnaya,
_c2010.
300 _a111 p. :
_bil.
440 0 _aSopa de libros ;
_v141
650 4 _aCuentos infantiles españoles
_97725
905 _aInfantil
999 _c204091
_d204091